[Event "Dallas Fall op"]
[Site "Dallas"]
[Date "2017.11.22"]
[Round "9"]
[White "Premkumar, Hiren"]
[Black "Danelia, Mariam"]
[Result "1/2-1/2"]
[WhiteElo "2048"]
[BlackElo "2153"]
[PlyCount "118"]
[EventDate "2017.11.17"]
[EventType "swiss"]
[EventRounds "9"]
[EventCountry "USA"]
[SourceTitle "CBM 181 Extra"]
[Source "ChessBase"]
[SourceDate "2017.12.12"]
[SourceVersion "1"]
[SourceVersionDate "2017.12.12"]
[SourceQuality "1"]

1. d4 Nf6 2. Nf3 g6 3. g3 Bg7 4. Bg2 d5 5. 0-0 0-0 6. c4 c6 7. Nbd2 Ne4 8. Nxe4 dxe4 9. Ng5 Qxd4 10. Qxd4 Bxd4 11. Rd1 Bg7 12. Nxe4 Na6 13. Rb1 f5 14. Nd2 Be6 15. b3 Rfd8 16. Ba3 Kf7 17. Nf3 h6 18. e3 Rd7 19. Rxd7 Bxd7 20. Rd1 Ke8 21. Nh4 g5 22. Ng6 Be6 23. Bf3 Bf6 24. Bh5 Bf7 25. h3 Nc7 26. g4 fxg4 27. hxg4 Ne6 28. Kg2 Ng7 29. f4 Nxh5 30. gxh5 Rd8 31. Rxd8+ Kxd8 32. Kf3 gxf4 33. exf4 Be6 34. Ne5 Ke8 35. Bc1 Bf5 36. Ng4 Bg7 37. Ne3 Bb1 38. a3 Kf7 39. f5 Ke8 40. b4 Bd3 41. c5 b6 42. cxb6 axb6 43. Kf4 Bf6 44. Kf3 Bg5 45. a4 Kd7 46. Bb2 Bxe3 47. Kxe3 Bxf5 48. Bg7 Bg4 49. Bxh6 Bxh5 50. Ke4 Bd1 51. a5 bxa5 52. bxa5 Be2 53. Kd4 Kd6 54. Bf4+ Ke6 55. Bc7 Kf5 56. Bb8 Ke6 57. Bf4 Kd7 58. Bg3 Kc8 59. Kc5 Kb7 1/2-1/2

[Event "Dallas UT Fall op"]
[Site "Dallas"]
[Date "2016.11.20"]
[Round "4"]
[White "Danelia, Mariam"]
[Black "Thavandiran, Shiyam"]
[Result "0-1"]
[WhiteElo "2256"]
[BlackElo "2353"]
[PlyCount "86"]
[EventDate "2016.11.18"]
[EventType "swiss"]
[EventRounds "9"]
[EventCountry "USA"]
[SourceTitle "CBM 175 Extra"]
[Source "ChessBase"]
[SourceDate "2016.12.12"]
[SourceVersion "1"]
[SourceVersionDate "2016.12.12"]
[SourceQuality "1"]

1. d4 e6 2. Nf3 Nf6 3. c4 Bb4+ 4. Bd2 c5 5. Bxb4 cxb4 6. e3 0-0 7. Bd3 d6 8. 0-0 Qe7 9. Nbd2 b6 10. Qb3 a5 11. a3 Na6 12. Rac1 Bb7 13. Bb1 Rac8 14. Ng5 e5 15. Qd3 g6 16. f4 Rce8 17. fxe5 dxe5 18. d5 Ng4 19. Nh3 f5 20. axb4 Qxb4 21. Qc3 Qd6 22. Ng5 Nc5 23. h3 Nf6 24. Ngf3 Bc8 25. Qa3 e4 26. Nd4 Qg3 27. Ne2 Qd6 28. Nb3 Nfd7 29. Nbd4 Ne5 30. Nf4 Qf6 31. b4 axb4 32. Qxb4 g5 33. Nfe6 Bxe6 34. dxe6 Ncd3 35. Qxb6 Nxc1 36. Bxe4 Nxc4 37. Qc7 Nxe3 38. Bxf5 Re7 39. Bxh7+ Rxh7 40. Qxh7+ Kxh7 41. Rxf6 Rxf6 42. e7 Rf1+ 43. Kh2 Re1 0-1

[Event "Fort Myers Gulf Coast op 2nd"]
[Site "Fort Myers"]
[Date "2016.01.10"]
[Round "4"]
[White "Danelia, Mariam"]
[Black "Lee, Gabriel Emilio"]
[Result "1-0"]
[WhiteElo "2283"]
[BlackElo "1223"]
[PlyCount "69"]
[EventDate "2016.01.08"]
[EventType "swiss"]
[EventRounds "5"]
[EventCountry "USA"]
[SourceTitle "CBM 170 Extra"]
[Source "ChessBase"]
[SourceDate "2016.02.25"]
[SourceVersion "1"]
[SourceVersionDate "2016.02.25"]
[SourceQuality "1"]

1. d4 d5 2. c4 e6 3. Nf3 Nf6 4. Nc3 c6 5. Bg5 Be7 6. e3 0-0 7. Qc2 Nbd7 8. Rd1 h6 9. Bh4 Re8 10. Be2 dxc4 11. Bxc4 b5 12. Bd3 a6 13. 0-0 Bb7 14. Qe2 Qb6 15. Bb1 c5 16. Ne5 Nxe5 17. dxe5 Nd5 18. Bxe7 Rxe7 19. Ne4 f5 20. exf6 Nxf6 21. Nxf6+ gxf6 22. Qh5 Rg7 23. f3 Qc7 24. Qxh6 Kf7 25. Rf2 Rag8 26. Rfd2 Bc6 27. Be4 Be8 28. f4 f5 29. Bf3 Ke7 30. Qh4+ Kf8 31. Rd6 Qe7 32. Qxe7+ Rxe7 33. Rxa6 Bf7 34. a3 Rc7 35. Rb6 1-0

[Event "Dallas UT Fall op"]
[Site "Dallas"]
[Date "2015.11.25"]
[Round "9"]
[White "Coraretti, Benjamin J"]
[Black "Danelia, Mariam"]
[Result "0-1"]
[WhiteElo "2172"]
[BlackElo "2266"]
[PlyCount "54"]
[EventDate "2015.11.20"]
[EventType "swiss"]
[EventRounds "9"]
[EventCountry "USA"]
[SourceTitle "CBM 169 Extra"]
[Source "ChessBase"]
[SourceDate "2015.12.18"]
[SourceVersion "1"]
[SourceVersionDate "2015.12.18"]
[SourceQuality "1"]

1. e4 c5 2. Nf3 d6 3. d4 cxd4 4. Nxd4 Nf6 5. Nc3 a6 6. f3 e5 7. Nb3 Be7 8. Be3 Nbd7 9. Qd2 b5 10. 0-0-0 Bb7 11. g4 b4 12. Ne2 a5 13. g5 Nh5 14. Kb1 Qc7 15. Ng3 Nxg3 16. hxg3 a4 17. Nc1 Ra5 18. Bd3 d5 19. exd5 Bxd5 20. Bf5 g6 21. Bg4 f5 22. gxf6 Nxf6 23. Rhf1 0-0 24. Bh3 Bf7 25. b3 Nd5 26. Ne2 Rfa8 27. Rc1 Rd8 0-1

[Event "Dallas UT Fall op"]
[Site "Dallas"]
[Date "2015.11.24"]
[Round "7"]
[White "Bartholomew, John"]
[Black "Danelia, Mariam"]
[Result "1-0"]
[WhiteElo "2448"]
[BlackElo "2266"]
[PlyCount "115"]
[EventDate "2015.11.20"]
[EventType "swiss"]
[EventRounds "9"]
[EventCountry "USA"]
[SourceTitle "CBM 169 Extra"]
[Source "ChessBase"]
[SourceDate "2015.12.18"]
[SourceVersion "1"]
[SourceVersionDate "2015.12.18"]
[SourceQuality "1"]

1. Nf3 Nf6 2. c4 g6 3. Nc3 d5 4. cxd5 Nxd5 5. h4 Nxc3 6. bxc3 Bg7 7. h5 Bg4 8. Qb3 Bxf3 9. exf3 b6 10. Bc4 0-0 11. d4 Nc6 12. hxg6 hxg6 13. Qc2 e6 14. Ba3 Qg5 15. Bxf8 Qxg2 16. Ke2 Bxd4 17. Rhf1 Rxf8 18. Qe4 Bxc3 19. Qxc6 Bxa1 20. Rxa1 Qh2 21. Rd1 Qe5+ 22. Qe4 Qb2+ 23. Kf1 Qb4 24. Rd7 b5 25. Bb3 Qxe4 26. fxe4 Rc8 27. e5 Kf8 28. Bc2 Ke8 29. Rd4 Ke7 30. Be4 c5 31. Rd6 Rc7 32. Ra6 c4 33. Ke2 c3 34. Rc6 Rxc6 35. Bxc6 b4 36. Kd3 f6 37. exf6+ Kxf6 38. Ba4 Ke5 39. Kc4 a5 40. Kb5 Kd4 41. Kxa5 Kc5 42. Bc2 g5 43. Ka4 Kc4 44. Bb3+ Kc5 45. Bd1 Kc4 46. Be2+ Kd4 47. Kb3 e5 48. Bd1 Kc5 49. Bc2 Kb5 50. Bf5 Kc5 51. Bb1 Kb5 52. a3 bxa3 53. Kxc3 Kc5 54. Kd3 Kb4 55. Ba2 g4 56. Bg8 Kc5 57. Ke4 Kd6 58. Ba2 1-0

[Event "Dallas UT Fall op"]
[Site "Dallas"]
[Date "2015.11.23"]
[Round "6"]
[White "Danelia, Mariam"]
[Black "Toolin, Christopher"]
[Result "1-0"]
[WhiteElo "2266"]
[BlackElo "2202"]
[PlyCount "73"]
[EventDate "2015.11.20"]
[EventType "swiss"]
[EventRounds "9"]
[EventCountry "USA"]
[SourceTitle "CBM 169 Extra"]
[Source "ChessBase"]
[SourceDate "2015.12.18"]
[SourceVersion "1"]
[SourceVersionDate "2015.12.18"]
[SourceQuality "1"]

1. d4 Nf6 2. c4 e6 3. Nc3 d5 4. Nf3 Bb4 5. cxd5 exd5 6. Bg5 Nbd7 7. e3 c5 8. Bd3 Qa5 9. 0-0 c4 10. Bf5 Bxc3 11. bxc3 Qxc3 12. Bxf6 gxf6 13. Qa4 Ke7 14. Rab1 a6 15. Bxd7 Bxd7 16. Rxb7 Rhd8 17. Qc6 Rab8 18. Qxd5 Rxb7 19. Qxb7 Qa3 20. Qe4+ Kf8 21. Qxh7 Qxa2 22. Qh4 c3 23. Qxf6 Rc8 24. Ne5 Ke8 25. e4 Qe6 26. Qg5 f6 27. Qh5+ Kd8 28. Nd3 Qxe4 29. Qa5+ Rc7 30. Nc5 Qd5 31. Qxc3 Bc6 32. f3 Rg7 33. Re1 Kc8 34. Nxa6 Kd8 35. Nb4 Rxg2+ 36. Kxg2 Qg5+ 37. Kh1 1-0

[Event "Dallas UT Fall op"]
[Site "Dallas"]
[Date "2015.11.22"]
[Round "4"]
[White "Iotov, Valentin Dimitrov"]
[Black "Danelia, Mariam"]
[Result "1/2-1/2"]
[WhiteElo "2524"]
[BlackElo "2266"]
[PlyCount "74"]
[EventDate "2015.11.20"]
[EventType "swiss"]
[EventRounds "9"]
[EventCountry "USA"]
[SourceTitle "CBM 169 Extra"]
[Source "ChessBase"]
[SourceDate "2015.12.18"]
[SourceVersion "1"]
[SourceVersionDate "2015.12.18"]
[SourceQuality "1"]

1. d4 Nf6 2. Bg5 e6 3. Nd2 d5 4. e3 Be7 5. Bd3 0-0 6. f4 b6 7. Qe2 Bb7 8. Bxf6 Bxf6 9. Ngf3 c5 10. c3 a5 11. 0-0 Ba6 12. e4 dxe4 13. Nxe4 Bxd3 14. Qxd3 cxd4 15. Nxf6+ Qxf6 16. Nxd4 Na6 17. Qb5 Qd8 18. f5 exf5 19. Rxf5 Nc5 20. Raf1 Qd6 21. Qc4 Qg6 22. h4 Ra7 23. h5 Qg3 24. R5f3 Qg4 25. h6 g6 26. Qd5 Qe4 27. Qd6 Qe7 28. Qf4 Rd7 29. Re3 Qd6 30. Qxd6 Rxd6 31. Re7 Rd7 32. Rxd7 Nxd7 33. Re1 f5 34. Re7 Rf7 35. Re8+ Rf8 36. Re7 Rf7 37. Re8+ Rf8 1/2-1/2

[Event "Dallas UT Fall op"]
[Site "Dallas"]
[Date "2015.11.22"]
[Round "5"]
[White "Vazquez, Guillermo"]
[Black "Danelia, Mariam"]
[Result "1/2-1/2"]
[WhiteElo "2406"]
[BlackElo "2266"]
[PlyCount "53"]
[EventDate "2015.11.20"]
[EventType "swiss"]
[EventRounds "9"]
[EventCountry "USA"]
[SourceTitle "CBM 169 Extra"]
[Source "ChessBase"]
[SourceDate "2015.12.18"]
[SourceVersion "1"]
[SourceVersionDate "2015.12.18"]
[SourceQuality "1"]

1. e4 c5 2. Nf3 d6 3. c3 Nf6 4. h3 g6 5. Bd3 Bg7 6. Bc2 0-0 7. d4 cxd4 8. cxd4 Nc6 9. Nc3 a6 10. 0-0 b5 11. d5 Na5 12. Nd4 Bb7 13. b3 Rc8 14. Nce2 e6 15. dxe6 Nxe4 16. Be3 Ng5 17. exf7+ Rxf7 18. Qd2 Nxh3+ 19. gxh3 Qh4 20. Kh2 Rc5 21. f4 Rh5 22. Ng1 Rg5 23. Qf2 Bxd4 24. Qxh4 Rg2+ 25. Kh1 Rf2+ 26. Nf3 Bxf3+ 27. Kg1 1/2-1/2

[Event "Dallas UT Fall op"]
[Site "Dallas"]
[Date "2015.11.21"]
[Round "2"]
[White "Danelia, Mariam"]
[Black "Stremavicius, Titas"]
[Result "1-0"]
[WhiteElo "2266"]
[BlackElo "2472"]
[PlyCount "131"]
[EventDate "2015.11.20"]
[EventType "swiss"]
[EventRounds "9"]
[EventCountry "USA"]
[SourceTitle "CBM 169 Extra"]
[Source "ChessBase"]
[SourceDate "2015.12.18"]
[SourceVersion "1"]
[SourceVersionDate "2015.12.18"]
[SourceQuality "1"]

1. d4 c5 2. d5 g6 3. c4 Bg7 4. e4 d6 5. Bd3 e6 6. Qc2 Ne7 7. Nc3 a6 8. a4 Nd7 9. f4 exd5 10. cxd5 0-0 11. Nf3 f5 12. 0-0 fxe4 13. Nxe4 Nf6 14. Neg5 Rb8 15. a5 b5 16. axb6 Qxb6 17. Kh1 Kh8 18. Ne6 Bxe6 19. Rxa6 Qc7 20. dxe6 Nfd5 21. Qa4 Rb7 22. Ra8 Nc8 23. Qe4 Ndb6 24. Ra6 c4 25. Bb1 d5 26. Qe3 Nd6 27. Bd2 Nb5 28. Ng5 Bxb2 29. Nf7+ Kg8 30. f5 Bd4 31. Qh6 Rxf7 32. exf7+ Qxf7 33. Ra5 Nd6 34. Qf4 Nxf5 35. Re1 Bg7 36. Bb4 h5 37. Bxf5 gxf5 38. h3 Kh7 39. Qg5 Nc8 40. Ra8 Rxb4 41. Rxc8 Rb7 42. Rf1 Qg6 43. Qxf5 Qxf5 44. Rxf5 Rd7 45. Rc5 c3 46. Rxh5+ Kg6 47. Rhxd5 Ra7 48. Rc6+ Kf7 49. Rdc5 Ra1+ 50. Kh2 Bd4 51. Rf5+ Ke7 52. h4 Kd7 53. Rc4 Ke6 54. Rf8 Be5+ 55. Kh3 Rh1+ 56. Kg4 Rg1 57. Rf2 Kd5 58. Rc8 Rb1 59. Rf5 Rg1 60. Rxc3 Rxg2+ 61. Kh5 Ke6 62. Rcf3 Rg7 63. Rg5 Rh7+ 64. Kg6 Rh8 65. Re3 Rg8+ 66. Kh5 1-0

[Event "Texas Univ-Belgrad Univ 10th"]
[Site "ICC INT"]
[Date "2015.11.06"]
[Round "1.11"]
[White "Danelia, Mariam"]
[Black "Krstic, Petar"]
[Result "0-1"]
[WhiteElo "2266"]
[BlackElo "2333"]
[PlyCount "74"]
[EventDate "2015.11.06"]
[EventType "team-match"]
[EventRounds "1"]
[EventCountry "USA"]
[SourceTitle "CBM 169 Extra"]
[Source "ChessBase"]
[SourceDate "2015.12.18"]
[SourceVersion "1"]
[SourceVersionDate "2015.12.18"]
[SourceQuality "1"]
[WhiteTeam "Texas Tech Univ"]
[BlackTeam "Belgrade Univ"]
[WhiteTeamCountry "USA"]
[BlackTeamCountry "SRB"]

1. d4 d5 2. c4 c6 3. cxd5 cxd5 4. Bf4 Nf6 5. e3 a6 6. Nc3 Nc6 7. Bd3 Bg4 8. f3 Bd7 9. Nge2 e6 10. Bg3 Be7 11. 0-0 0-0 12. Qd2 Rc8 13. Rfc1 Na5 14. Bf2 b5 15. Ng3 Nc4 16. Qe2 h5 17. Kh1 h4 18. Nf1 Nh5 19. a4 Qb6 20. axb5 axb5 21. Nd1 g6 22. Qe1 Qd8 23. b3 Nd6 24. Rxc8 Bxc8 25. Rc1 Kg7 26. Nc3 Bd7 27. Ne2 Rh8 28. e4 dxe4 29. fxe4 f5 30. e5 Nf7 31. Nc3 h3 32. gxh3 Nf4 33. Qe3 Bc6+ 34. d5 Bxd5+ 35. Be4 fxe4 36. Qxf4 Bg5 37. Qg4 Bxc1 0-1

[Event "Richardson UTD Fall op"]
[Site "Richardson"]
[Date "2014.11.25"]
[Round "8"]
[White "Danelia, Mariam"]
[Black "Studen, Damir"]
[Result "1/2-1/2"]
[WhiteElo "2228"]
[BlackElo "2275"]
[PlyCount "40"]
[EventDate "2014.11.21"]
[EventType "swiss"]
[EventRounds "9"]
[EventCountry "USA"]
[SourceTitle "CBM 163 Extra"]
[Source "ChessBase"]
[SourceDate "2014.12.23"]
[SourceVersion "1"]
[SourceVersionDate "2014.12.23"]
[SourceQuality "1"]

1. d4 Nf6 2. c4 e6 3. Nc3 d5 4. Nf3 Be7 5. Bf4 0-0 6. e3 a6 7. Qc2 Nbd7 8. h3 dxc4 9. Bxc4 b5 10. Be2 c5 11. dxc5 Nxc5 12. 0-0 Bb7 13. Rfd1 Qb6 14. Be5 Rac8 15. Bd4 Qa5 16. a3 Nce4 17. Bd3 h6 18. Qe2 Nxc3 19. Bxc3 Qc7 20. e4 Rfd8 1/2-1/2

[Event "Richardson UTD Fall op"]
[Site "Richardson"]
[Date "2014.11.24"]
[Round "6"]
[White "Danelia, Mariam"]
[Black "Girish, A Koushnik"]
[Result "1/2-1/2"]
[WhiteElo "2228"]
[BlackElo "2412"]
[PlyCount "114"]
[EventDate "2014.11.21"]
[EventType "swiss"]
[EventRounds "9"]
[EventCountry "USA"]
[SourceTitle "CBM 163 Extra"]
[Source "ChessBase"]
[SourceDate "2014.12.23"]
[SourceVersion "1"]
[SourceVersionDate "2014.12.23"]
[SourceQuality "1"]

1. d4 e6 2. c4 b6 3. Nc3 Bb7 4. Qc2 f5 5. e3 Nf6 6. f3 Bb4 7. Bd3 0-0 8. Nge2 a6 9. 0-0 Qe8 10. b3 Nc6 11. Bb2 Bd6 12. a3 Qh5 13. g3 Ne7 14. e4 fxe4 15. Nxe4 Nf5 16. Qd2 Bxe4 17. Bxe4 Nxe4 18. fxe4 Nh6 19. e5 Be7 20. Nf4 Bg5 21. Qe2 Qxe2 22. Nxe2 Ng4 23. Nf4 Bxf4 24. Rxf4 Rxf4 25. gxf4 Rf8 26. Rf1 Rf5 27. h3 Nh6 28. Kg2 Rh5 29. d5 Nf5 30. Bc1 Kf7 31. Rd1 Rh6 32. Rd3 Rg6+ 33. Kf2 Nh4 34. d6 Rg2+ 35. Kf1 c5 36. Bd2 Rh2 37. Be1 Rh1+ 38. Ke2 Nf5 39. Bf2 Rb1 40. b4 cxb4 41. axb4 Rxb4 42. Rc3 a5 43. Kd3 a4 44. Ra3 Rb2 45. Be1 Rh2 46. Rxa4 Rxh3+ 47. Kd2 Rf3 48. Ra7 Rxf4 49. Rxd7+ Ke8 50. Rb7 Rxc4 51. Bf2 Rc6 52. Bxb6 Nxd6 53. exd6 Rxd6+ 54. Ke3 Rd7 55. Rb8+ Kf7 56. Bd4 h6 57. Ke4 Re7 1/2-1/2

[Event "Richardson UTD Fall op"]
[Site "Richardson"]
[Date "2014.11.23"]
[Round "4"]
[White "Danelia, Mariam"]
[Black "Viswanadha, Kesav"]
[Result "1-0"]
[WhiteElo "2228"]
[BlackElo "2415"]
[PlyCount "87"]
[EventDate "2014.11.21"]
[EventType "swiss"]
[EventRounds "9"]
[EventCountry "USA"]
[SourceTitle "CBM 163 Extra"]
[Source "ChessBase"]
[SourceDate "2014.12.23"]
[SourceVersion "1"]
[SourceVersionDate "2014.12.23"]
[SourceQuality "1"]

1. d4 Nf6 2. c4 e6 3. Nc3 Bb4 4. Qc2 0-0 5. a3 Bxc3+ 6. Qxc3 d5 7. Bg5 c5 8. cxd5 cxd4 9. Qxd4 Nc6 10. Qd2 exd5 11. Nf3 Re8 12. Rd1 h6 13. Bh4 Qd6 14. e3 Bf5 15. Be2 Rad8 16. Bxf6 Qxf6 17. 0-0 Be4 18. Nd4 Qg5 19. f3 Bh7 20. f4 Qf6 21. Bb5 Re7 22. Bxc6 bxc6 23. Rc1 Rc8 24. b4 Be4 25. Rc5 Rec7 26. Rfc1 Qd6 27. R1c3 h5 28. b5 Rb8 29. Nxc6 Re8 30. a4 Re6 31. Qd4 Rg6 32. g3 h4 33. Qe5 hxg3 34. Qxd6 gxh2+ 35. Kxh2 Rxd6 36. Ne5 Rxc5 37. Rxc5 f6 38. Rc8+ Kh7 39. Rh8+ Kxh8 40. Nf7+ Kg8 41. Nxd6 Bd3 42. a5 Kf8 43. a6 d4 44. b6 1-0

[Event "Dallas UTD Spring op"]
[Site "Dallas"]
[Date "2014.03.09"]
[Round "3"]
[White "Danelia, Mariam"]
[Black "Vibbert, Sean"]
[Result "0-1"]
[WhiteElo "2254"]
[BlackElo "2334"]
[PlyCount "90"]
[EventDate "2014.03.08"]
[EventType "swiss"]
[EventRounds "9"]
[EventCountry "USA"]
[SourceTitle "CBM 159 Extra"]
[Source "ChessBase"]
[SourceDate "2014.04.24"]
[SourceVersion "1"]
[SourceVersionDate "2014.04.24"]
[SourceQuality "1"]

1. d4 d5 2. c4 c6 3. Nf3 Nf6 4. Nc3 dxc4 5. a4 Bf5 6. Ne5 Nbd7 7. Nxc4 Qc7 8. g3 e5 9. dxe5 Nxe5 10. Nxe5 Qxe5 11. Bg2 Bb4 12. 0-0 0-0 13. Bf4 Qe6 14. Qd4 a5 15. Qe5 Qxe5 16. Bxe5 Rfe8 17. Bxf6 gxf6 18. Bf3 Rad8 19. Rfd1 Bc2 20. Rxd8 Rxd8 21. Rc1 Rd2 22. e3 Bxc3 23. bxc3 Bxa4 24. Ra1 Bb5 25. Rxa5 Rc2 26. h4 Rxc3 27. Ra8+ Kg7 28. Rc8 Bc4 29. Rc7 Rb3 30. Kg2 Be6 31. g4 Kf8 32. Kg3 h6 33. Bg2 Rb4 34. Bf3 Ke8 35. Rxb7 Rxb7 36. Bxc6+ Rd7 37. Bxd7+ Kxd7 38. e4 Bb3 39. Kf4 Ke6 40. f3 Bd1 41. Ke3 Ke5 42. h5 Kd6 43. Kf4 Ke6 44. Ke3 Ke5 45. f4+ Ke6 0-1

[Event "EU-ch U18 Girls"]
[Site "Albena"]
[Date "2011.09.20"]
[Round "9"]
[White "Danelia, Mariam"]
[Black "Adamowicz, Katarzyna"]
[Result "1-0"]
[WhiteElo "2259"]
[BlackElo "2077"]
[PlyCount "119"]
[EventDate "2011.09.11"]
[EventType "swiss"]
[EventRounds "9"]
[EventCountry "BUL"]
[SourceTitle "CBM 144 Extra"]
[Source "ChessBase"]
[SourceDate "2011.10.28"]
[SourceVersion "1"]
[SourceVersionDate "2011.10.28"]
[SourceQuality "1"]

1. d4 c5 2. d5 g6 3. c4 Bg7 4. e4 d6 5. Bd3 e6 6. Nc3 Ne7 7. Be3 exd5 8. cxd5 a6 9. a4 Nd7 10. f4 0-0 11. Nf3 h6 12. 0-0 f5 13. e5 dxe5 14. fxe5 Nxe5 15. Bxc5 b6 16. Ba3 Re8 17. Nxe5 Bxe5 18. d6 Nc6 19. Bc4+ Be6 20. Bxe6+ Rxe6 21. Qd5 Qd7 22. Rfe1 Rae8 23. Re2 Kg7 24. Rd1 Nd8 25. Qc4 Nf7 26. Red2 Nxd6 27. Rxd6 Bxd6 28. Qd4+ Kh7 29. Bxd6 Re1+ 30. Rxe1 Rxe1+ 31. Kf2 Re6 32. Be5 Qe7 33. Nd5 Qc5 34. Qxc5 bxc5 35. Bc3 Kg8 36. Nf6+ Kf7 37. Nd7 Ke7 38. Nxc5 Rc6 39. Nd3 Ke6 40. a5 g5 41. Kf3 Rd6 42. Nb4 Kf7 43. Be5 Re6 44. Nd3 Kg6 45. b4 h5 46. Ke3 h4 47. Kd4 Kh5 48. Nc5 Rg6 49. Kd5 h3 50. gxh3 f4 51. Ne4 Kh4 52. Nf2 Rg8 53. Bd6 Re8 54. Kc6 Re6 55. Kc7 Re2 56. Bc5 Rxf2 57. Bxf2+ Kxh3 58. b5 Kg2 59. Bc5 g4 60. bxa6 1-0

[Event "EU-ch U18 Girls"]
[Site "Albena"]
[Date "2011.09.18"]
[Round "7"]
[White "Danelia, Mariam"]
[Black "Kazimova, Narmin Nizami Qizi"]
[Result "0-1"]
[WhiteElo "2259"]
[BlackElo "2245"]
[PlyCount "74"]
[EventDate "2011.09.11"]
[EventType "swiss"]
[EventRounds "9"]
[EventCountry "BUL"]
[SourceTitle "CBM 144 Extra"]
[Source "ChessBase"]
[SourceDate "2011.10.28"]
[SourceVersion "1"]
[SourceVersionDate "2011.10.28"]
[SourceQuality "1"]

1. d4 Nf6 2. c4 e6 3. Nc3 Bb4 4. Qc2 0-0 5. a3 Bxc3+ 6. Qxc3 d6 7. f3 d5 8. Bg5 c5 9. cxd5 cxd4 10. Qxd4 Nc6 11. Qd2 exd5 12. e3 h6 13. Bh4 d4 14. exd4 Nxd4 15. Ne2 Nb3 16. Qxd8 Rxd8 17. Rd1 Rxd1+ 18. Kxd1 Bf5 19. Ng3 Rd8+ 20. Ke1 Bc2 21. Bxf6 gxf6 22. Be2 f5 23. Kf2 Rd4 24. Nf1 Bd1 25. Ng3 Bxe2 26. Kxe2 f4 27. Nh5 Rd2+ 28. Ke1 Rxb2 29. Rg1 Nd4 30. Nxf4 b5 31. Rf1 a5 32. h4 b4 33. axb4 a4 34. Nd3 Re2+ 35. Kd1 a3 36. Nc1 a2 37. Nb3 Rb2 0-1

[Event "GEO-ch (Women) 68th"]
[Site "Anaklia"]
[Date "2011.01.23"]
[Round "13"]
[White "Khotenashvili, Bela"]
[Black "Danelia, Mariam"]
[Result "1-0"]
[WhiteElo "2440"]
[BlackElo "2248"]
[PlyCount "53"]
[EventDate "2011.01.10"]
[EventType "tourn"]
[EventRounds "13"]
[EventCountry "GEO"]
[EventCategory "6"]
[SourceTitle "CBM 140 Extra"]
[Source "ChessBase"]
[SourceDate "2011.03.01"]
[SourceVersion "1"]
[SourceVersionDate "2011.03.01"]
[SourceQuality "1"]

1. c4 Nf6 2. Nf3 g6 3. Nc3 d5 4. cxd5 Nxd5 5. Qb3 Nb6 6. d4 Bg7 7. e4 0-0 8. Be3 Bg4 9. 0-0-0 a5 10. d5 a4 11. Qa3 N8d7 12. Bd4 Bh6+ 13. Kb1 Bf4 14. Ne2 Bd6 15. Qe3 Bxf3 16. gxf3 Nc4 17. Qh6 f6 18. Ng3 Nce5 19. f4 Nf7 20. Qh4 c5 21. Bc3 Qb8 22. Bh3 Nb6 23. Nf5 Qd8 24. Rhg1 a3 25. Qh5 Nh8 26. Nh6+ Kg7 27. Be6 1-0

[Event "GEO-ch (Women) 68th"]
[Site "Anaklia"]
[Date "2011.01.21"]
[Round "11"]
[White "Nikoladze, Sopio"]
[Black "Danelia, Mariam"]
[Result "1-0"]
[WhiteElo "2254"]
[BlackElo "2248"]
[PlyCount "91"]
[EventDate "2011.01.10"]
[EventType "tourn"]
[EventRounds "13"]
[EventCountry "GEO"]
[EventCategory "6"]
[SourceTitle "CBM 140 Extra"]
[Source "ChessBase"]
[SourceDate "2011.03.01"]
[SourceVersion "1"]
[SourceVersionDate "2011.03.01"]
[SourceQuality "1"]

1. e4 c5 2. Nc3 d6 3. g3 g6 4. Bg2 Bg7 5. d3 Nc6 6. f4 e5 7. Nf3 Nge7 8. Be3 b6 9. 0-0 0-0 10. Qd2 Rb8 11. Nh4 Nd4 12. Nd1 f5 13. fxe5 dxe5 14. exf5 gxf5 15. Bg5 Qd6 16. Ne3 Ng6 17. Rae1 Nxh4 18. Bxh4 Bh6 19. Qd1 Bb7 20. Nc4 Qc7 21. Bxb7 Rxb7 22. Nxe5 Bg7 23. Nc4 b5 24. Ne3 Qd7 25. Qh5 Rb6 26. c3 Rh6 27. Qd1 f4 28. Qg4 Qxg4 29. Nxg4 Rg6 30. Ne5 Bxe5 31. Rxe5 Nf5 32. Rxf4 Nxh4 33. Rxh4 Rd8 34. Rxc5 Rxd3 35. Rc8+ Kg7 36. Rc7+ Kg8 37. Rhxh7 Rd1+ 38. Kg2 Rd2+ 39. Kh3 Rxb2 40. Rxa7 Rxa2 41. Rxa2 Kxh7 42. Ra7+ Kh6 43. Rb7 Rg5 44. Rb6+ Kg7 45. Rc6 Rd5 46. Kg4 1-0

[Event "GEO-ch (Women) 68th"]
[Site "Anaklia"]
[Date "2011.01.18"]
[Round "8"]
[White "Batsiashvili, Nino"]
[Black "Danelia, Mariam"]
[Result "1/2-1/2"]
[WhiteElo "2396"]
[BlackElo "2248"]
[PlyCount "155"]
[EventDate "2011.01.10"]
[EventType "tourn"]
[EventRounds "13"]
[EventCountry "GEO"]
[EventCategory "6"]
[SourceTitle "CBM 140 Extra"]
[Source "ChessBase"]
[SourceDate "2011.03.01"]
[SourceVersion "1"]
[SourceVersionDate "2011.03.01"]
[SourceQuality "1"]

1. Nf3 Nf6 2. c4 g6 3. Nc3 d5 4. cxd5 Nxd5 5. h4 Nxc3 6. bxc3 Bg7 7. h5 c5 8. Qa4+ Qd7 9. Qc4 b6 10. g3 Bb7 11. Bh3 Qd5 12. Qf4 e5 13. Qe3 0-0 14. hxg6 hxg6 15. Bb2 Re8 16. Bg2 Qe4 17. c4 Qxe3 18. fxe3 Nc6 19. Ng5 Na5 20. Bd5 Bxd5 21. cxd5 Nc4 22. Bc3 Nd6 23. d3 Nf5 24. e4 Nxg3 25. Rg1 Nh5 26. Nf3 Rac8 27. Nd2 b5 28. a4 b4 29. Bb2 Nf4 30. Nc4 Rcd8 31. Kd2 Bf6 32. e3 Nh5 33. Rac1 Bg7 34. Na5 Kh7 35. Rxc5 Rd7 36. Nc4 Bf8 37. Rc6 f6 38. Rc1 Red8 39. Rxf6 Nxf6 40. Nxe5 Rd6 41. Nf7 Nh5 42. Nxd8 Rxd8 43. Rc7+ Kh6 44. Rxa7 g5 45. a5 g4 46. Ke2 Rc8 47. Ra6+ Kg5 48. Rc6 Rd8 49. a6 g3 50. Kf3 Bd6 51. a7 Rf8+ 52. Kg2 Rf2+ 53. Kg1 Rxb2 54. a8Q Rb1+ 55. Kg2 Rb2+ 56. Kf1 Rb1+ 57. Ke2 Rb2+ 58. Kd1 g2 59. Qg8+ Kh4 60. Rxd6 g1Q+ 61. Qxg1 Rb1+ 62. Kc2 Rxg1 63. Re6 Rg3 64. d6 Rxe3 65. d4 Rc3+ 66. Kb2 Rc8 67. d7 Rd8 68. Rd6 Kg5 69. e5 Ng7 70. Kb3 Nf5 71. Rd5 Nxd4+ 72. Rxd4 Kf5 73. Kxb4 Ke6 74. Rd6+ Ke7 75. Kc5 Rxd7 76. Kc6 Ra7 77. Kd5 Rd7 78. e6 1/2-1/2

[Event "GEO-ch (Women) 68th"]
[Site "Anaklia"]
[Date "2011.01.15"]
[Round "6"]
[White "Khukhashvili, Sopiko"]
[Black "Danelia, Mariam"]
[Result "1-0"]
[WhiteElo "2437"]
[BlackElo "2248"]
[PlyCount "53"]
[EventDate "2011.01.10"]
[EventType "tourn"]
[EventRounds "13"]
[EventCountry "GEO"]
[EventCategory "6"]
[SourceTitle "CBM 140 Extra"]
[Source "ChessBase"]
[SourceDate "2011.03.01"]
[SourceVersion "1"]
[SourceVersionDate "2011.03.01"]
[SourceQuality "1"]

1. e4 c5 2. Nf3 d6 3. d4 cxd4 4. Nxd4 Nf6 5. Nc3 a6 6. h3 g6 7. g4 Bg7 8. Be3 Nc6 9. g5 Nh5 10. Nb3 Be6 11. Be2 Bxc3+ 12. bxc3 Ng7 13. f4 Rc8 14. h4 d5 15. e5 Nf5 16. Bf2 h6 17. gxh6 Rxh6 18. h5 gxh5 19. Bxh5 b6 20. Rg1 Rh8 21. Be2 Ra8 22. Bd3 Qc7 23. Qf3 a5 24. a4 Kf8 25. 0-0-0 d4 26. Bxf5 Bxf5 27. Nxd4 1-0